All Derby County Premier League Players Ever - Statistics

General Stats
  • This quiz has been taken 37 times
  • The average score is 120 of 217
Answer Stats
% Correct
2001/02 Italy Fabrizio Ravanelli 31
92%
1999/00 Georgia Georgi Kinkladze 17
92%
2000/01 Georgia Georgi Kinkladze 24
92%
2001/02 Georgia Georgi Kinkladze 24
92%
1999/00 England Seth Johnson 36
92%
2000/01 England Seth Johnson 30
92%
2001/02 England Seth Johnson 7
92%
1996/97 England Chris Powell 35
85%
1997/98 England Chris Powell 37
85%
1996/97 Jamaica Darryl Powell 33
85%
1997/98 Jamaica Darryl Powell 23
85%
1998/99 Jamaica Darryl Powell 33
85%
1999/00 Jamaica Darryl Powell 31
85%
2000/01 Jamaica Darryl Powell 27
85%
2001/02 Jamaica Darryl Powell 23
85%
1996/97 England Dean Sturridge 30
85%
1997/98 England Dean Sturridge 30
85%
1998/99 England Dean Sturridge 29
85%
1999/00 England Dean Sturridge 25
85%
2000/01 England Dean Sturridge 14
85%
2007/08 Scotland Kenny Miller 30
85%
1996/97 Estonia Mart Poom 4
85%
1997/98 Estonia Mart Poom 36
85%
1998/99 Estonia Mart Poom 17
85%
1999/00 Estonia Mart Poom 28
85%
2000/01 Estonia Mart Poom 33
85%
2001/02 Estonia Mart Poom 15
85%
2007/08 Jamaica Michael Johnson 3
85%
2007/08 Wales Robbie Savage 16
85%
1999/00 England Chris Riggott 1
77%
2000/01 England Chris Riggott 31
77%
2001/02 England Chris Riggott 37
77%
2007/08 England David Jones 14
77%
1998/99 Argentina Horacio Carbonari 29
77%
1999/00 Argentina Horacio Carbonari 29
77%
2000/01 Argentina Horacio Carbonari 27
77%
2001/02 Argentina Horacio Carbonari 3
77%
1996/97 Croatia Igor Stimac 21
77%
1997/98 Croatia Igor Stimac 22
77%
1998/99 Croatia Igor Stimac 14
77%
1996/97 England Matt Carbon 10
77%
1997/98 England Matt Carbon 4
77%
1996/97 Costa Rica Paulo Wanchope 5
77%
1997/98 Costa Rica Paulo Wanchope 32
77%
1998/99 Costa Rica Paulo Wanchope 35
77%
1997/98 Italy Stefano Eranio 23
77%
1998/99 Italy Stefano Eranio 25
77%
1999/00 Italy Stefano Eranio 19
77%
2000/01 Italy Stefano Eranio 28
77%
2000/01 Gibraltar Danny Higginbotham 26
69%
2001/02 Gibraltar Danny Higginbotham 37
69%
1997/98 Norway Lars Bohinen 9
69%
1998/99 Norway Lars Bohinen 32
69%
1999/00 Norway Lars Bohinen 13
69%
2000/01 Norway Lars Bohinen 2
69%
1998/99 England Malcolm Christie 2
69%
1999/00 England Malcolm Christie 21
69%
2000/01 England Malcolm Christie 34
69%
2001/02 England Malcolm Christie 35
69%
2001/02 England Robert Lee 13
69%
2000/01 England Andy Oakes 6
62%
2001/02 England Andy Oakes 20
62%
2001/02 Italy Benito Carbone 13
62%
1999/00 Belgium Branko Strupar 15
62%
2000/01 Belgium Branko Strupar 9
62%
2001/02 Belgium Branko Strupar 12
62%
2007/08 Jamaica Claude Davis 19
62%
2007/08 Jamaica Darren Moore 31
62%
2007/08 England Dean Leacock 26
62%
1997/98 Jamaica Deon Burton 29
62%
1998/99 Jamaica Deon Burton 21
62%
1999/00 Jamaica Deon Burton 19
62%
2000/01 Jamaica Deon Burton 32
62%
2001/02 Jamaica Deon Burton 17
62%
1997/98 Italy Francesco Baiano 33
62%
1998/99 Italy Francesco Baiano 22
62%
1999/00 Italy Francesco Baiano 9
62%
2007/08 Jamaica Giles Barnes 21
62%
1996/97 Denmark Jacob Laursen 36
62%
1997/98 Denmark Jacob Laursen 28
62%
1998/99 Denmark Jacob Laursen 37
62%
1999/00 Denmark Jacob Laursen 36
62%
1999/00 England Lee Morris 3
62%
2000/01 England Lee Morris 20
62%
2001/02 England Lee Morris 15
62%
1996/97 England Paul Simpson 19
62%
1997/98 England Paul Simpson 1
62%
1999/00 England Richard Jackson 2
62%
2000/01 England Richard Jackson 2
62%
2001/02 England Richard Jackson 7
62%
1996/97 Netherlands Robin van der Laan 16
62%
1997/98 Netherlands Robin van der Laan 10
62%
1996/97 England Russell Hoult 32
62%
1997/98 England Russell Hoult 2
62%
1998/99 England Russell Hoult 23
62%
1999/00 England Russell Hoult 10
62%
1998/99 Germany Stefan Schnoor 23
62%
1999/00 Germany Stefan Schnoor 29
62%
2000/01 Germany Stefan Schnoor 8
62%
1997/98 England Steve Elliott 3
62%
1998/99 England Steve Elliott 11
62%
1999/00 England Steve Elliott 20
62%
2000/01 England Steve Elliott 6
62%
2001/02 England Steve Elliott 6
62%
1996/97 Croatia Aljosa Asanovic 34
54%
1997/98 Croatia Aljosa Asanovic 4
54%
1999/00 Scotland Craig Burley 18
54%
2000/01 Scotland Craig Burley 24
54%
2001/02 Scotland Craig Burley 11
54%
2007/08 Argentina Emanuel Villa 16
54%
1996/97 England Marco Gabbiadini 14
54%
1996/97 England Martin Taylor 3
54%
2007/08 Wales Robert Earnshaw 22
54%
1997/98 Ireland Rory Delap 13
54%
1998/99 Ireland Rory Delap 23
54%
1999/00 Ireland Rory Delap 34
54%
2000/01 Ireland Rory Delap 33
54%
2007/08 Northern Ireland Roy Carroll 14
54%
2007/08 Scotland Stephen Pearson 24
54%
2007/08 Jamaica Tyrone Mears 25
54%
2001/02 England Warren Barton 14
54%
1998/99 England Adam Murray 4
46%
1999/00 England Adam Murray 8
46%
2000/01 England Adam Murray 14
46%
2001/02 England Adam Murray 6
46%
1996/97 England Ashley Ward 30
46%
1997/98 England Ashley Ward 3
46%
2007/08 United States Benny Feilhaber 10
46%
2007/08 England Danny Mills 2
46%
1996/97 England Dean Yates 10
46%
1997/98 England Dean Yates 9
46%
2007/08 United States Eddie Lewis 24
46%
2007/08 Egypt Hossam Ghaly 15
46%
2001/02 United States Ian Feuer 2
46%
1997/98 England Jonathan Hunt 19
46%
1998/99 England Jonathan Hunt 6
46%
2007/08 France Laurent Robert 4
46%
1996/97 Ireland Lee Carsley 24
46%
1997/98 Ireland Lee Carsley 34
46%
1998/99 Ireland Lee Carsley 22
46%
2001/02 Argentina Luciano Zavagno 26
46%
1998/99 England Marvin Robinson 1
46%
1999/00 England Marvin Robinson 8
46%
2001/02 England Marvin Robinson 2
46%
1996/97 Ireland Paul McGrath 24
46%
1996/97 England Paul Parker 4
46%
1996/97 Wales Paul Trollope 14
46%
1997/98 Wales Paul Trollope 10
46%
1996/97 Netherlands Ron Willems 16
46%
1997/98 Netherlands Ron Willems 10
46%
2000/01 Finland Simo Valakari 11
46%
2001/02 Finland Simo Valakari 9
46%
2007/08 England Stephen Bywater 18
46%
2000/01 Nigeria Taribo West 18
46%
1998/99 England Tony Dorigo 18
46%
1999/00 England Tony Dorigo 23
46%
2000/01 France Youl Mawene 8
46%
2001/02 France Youl Mawene 17
46%
2000/01 England Adam Bolder 2
38%
2001/02 England Adam Bolder 11
38%
2000/01 Norway Bjorn Otto Bragstad 12
38%
2000/01 Scotland Brian O'Neil 4
38%
2001/02 Scotland Brian O'Neil 10
38%
1996/97 Scotland Christian Dailly 36
38%
1997/98 Scotland Christian Dailly 30
38%
1998/99 Scotland Christian Dailly 1
38%
2007/08 England Craig Fagan 22
38%
2001/02 Italy Daniele Daino 2
38%
2001/02 France Francois Grenet 15
38%
1996/97 England Gary Rowett 35
38%
1997/98 England Gary Rowett 35
38%
2001/02 Scotland Gary Twigg 1
38%
2000/01 France Lilian Martin 9
38%
2007/08 England Matt Oakley 19
38%
1996/97 Costa Rica Mauricio Solis 2
38%
1997/98 Costa Rica Mauricio Solis 9
38%
2007/08 Australia Mile Sterjovski 12
38%
2007/08 Guinea Mohammed Camara 1
38%
1998/99 England Paul Boertien 1
38%
1999/00 England Paul Boertien 2
38%
2000/01 England Paul Boertien 8
38%
2001/02 England Paul Boertien 32
38%
1998/99 England Spencer Prior 34
38%
1999/00 England Spencer Prior 20
38%
2007/08 Scotland Steve Howard 20
38%
1998/99 Greece Vassilis Borbokis 4
38%
1999/00 Greece Vassilis Borbokis 12
38%
2007/08 England Andrew Todd 19
31%
1999/00 Israel Avi Nimni 4
31%
2000/01 Greece Con Blatsis 2
31%
1999/00 Argentina Esteban Fuertes 8
31%
2000/01 England Ian Evatt 1
31%
2001/02 England Ian Evatt 3
31%
2007/08 Scotland Jay McEveley 29
31%
1998/99 Scotland Kevin Harper 27
31%
1999/00 Scotland Kevin Harper 5
31%
2007/08 Wales Lewis Price 6
31%
1998/99 Denmark Mikkel Beck 7
31%
1999/00 Denmark Mikkel Beck 11
31%
2001/02 Switzerland Patrick Foletti 2
31%
2001/02 France Pierre Ducrocq 19
31%
2000/01 Iceland Thordur Gudjonsson 10
31%
2007/08 England Alan Stubbs 8
23%
1998/99 Ireland Brian Launders 1
23%
2007/08 Scotland Gary Teale 18
23%
1996/97 Sweden Marino Rahmberg 1
23%
2007/08 England Miles Addison 1
23%
1997/98 England Robert Kozluk 9
23%
1998/99 England Robert Kozluk 7
23%
2007/08 Scotland Robert Malcolm 1
23%
1996/97 England Sean Flynn 17
23%
2007/08 England Andy Griffin 15
15%
2007/08 Ireland Jonathan Macken 3
15%
2007/08 Wales Lewin Nyatanga 2
15%
1998/99 England Marc Bridge-Wilkinson 1
15%
2007/08 England Marc Edworthy 9
15%
2007/08 England Paris Simmons 1
15%
No matching quizzes found
Score Distribution
Percent of People with Each Score
Percentile by Number Answered
Your Score History
You have not taken this quiz